| 000 | 00608nam a2200193Ia 4500 | ||
|---|---|---|---|
| 005 | 20250508164809.0 | ||
| 008 | 008 250505s9999 xx 000 0 eng d | ||
| 037 | _aTheses | ||
| 040 |
_aFEDL _beng _cFEDL |
||
| 041 |
_aeng _2eng |
||
| 084 |
_a370.1523, SAB/TH _qFEDL |
||
| 100 |
_aSabharwal Vandana _9533173 |
||
| 245 | 0 | _aEffectiveness of cooperative learning approach in mathematics in relation to learners' personality dimensions | |
| 260 | _c2001 | ||
| 300 | _axi,298p. | ||
| 546 | _aPH.D Thesis (Delhi University) | ||
| 942 |
_cTH _h370.1523, SAB/TH |
||
| 999 |
_c1391241 _d1391241 |
||